000 00698nam a2200241Ia 4500
005 20230109152328.0
008 131103s9999 xx 000 0 und d
020 _a48210315
040 _aLoreto College
041 _aEnglish
082 _a821.4
_bDRY- MAC
245 _aCritics on Dryden
_cEdited by Robert McHenry and David G.Lougee
260 _aLondon
_bGeorge Allen
_c1973
300 _aviii,114 p.
440 _aReadings in literary criticism; No.15
504 _aIncludes bibliographical references
630 _a17th century poet - Criticism
650 _aDryden,John,1631 - 1700
651 _aEnglish Poetry
700 _aMcHenry,Robert,ed.
850 _aLCLIB
942 _cBK
999 _c5894
_d56373